[Event "Sueca op 8th"]
[Site "Sueca"]
[Date "2024.08.05"]
[Round "1"]
[White "Herraiz Gomez, Iker"]
[Black "Penades Chuluunpurev, Marco"]
[Result "1-0"]
[WhiteElo "1962"]
[BlackElo "1422"]
[PlyCount "57"]
[EventDate "2024.08.05"]
[EventType "swiss"]
[EventRounds "9"]
[EventCountry "ESP"]
[SourceTitle "CBM 221 Extra"]
[Source "ChessBase"]
[SourceDate "2024.09.30"]
[SourceVersion "1"]
[SourceVersionDate "2024.09.30"]
[SourceQuality "1"]

1. d4 d5 2. c4 e6 3. Nc3 Nf6 4. cxd5 exd5 5. Bg5 Be7 6. e3 0-0 7. Bd3 Be6 8. Qc2 g6 9. Nf3 Nbd7 10. 0-0 Kg7 11. h3 Nh5 12. Bf4 Nxf4 13. exf4 f5 14. Rfe1 Bf7 15. Qb3 Nb6 16. Ne5 c6 17. Na4 Re8 18. Nc5 Qc7 19. Qc3 Rad8 20. Nxf7 Kxf7 21. Ne6 Qb8 22. Nxd8+ Rxd8 23. g3 Na4 24. Qc2 Nb6 25. Bxf5 gxf5 26. Qxf5+ Bf6 27. Re6 Rd6 28. Qxf6+ Kg8 29. Rxd6 1-0